Accin̤ Administrativa y Procedimientos en el Derecho Comparado

Detalles Bibliográficos
Autor principal: De Falco, Vincenzo
Formato: eBook
Lenguaje:español
Publicado: Madrid: Instituto Nacional de Administracin̤ Pb︢lica (INAP), 2019
Colección:Temes Universitaris Basics
Materias:
Acceso en línea:Acceso restringido

MARC

LEADER 00000nam a22000007a 4500
005 20191114220846.0
007 cr|||| ||||
008 191114s2019 es |||||s|||| 00||0 spa d
020 |a 978-84-7351-668-6 
035 |a 30643 
040 |a vLex 
090 |c 10015  |d 10015 
100 1 |a De Falco, Vincenzo 
245 1 0 |a Accin̤ Administrativa y Procedimientos en el Derecho Comparado  |h [Recurso electrn̤ico] /  |c Vincenzo De Falco 
256 |a Servicio en ln̕ea 
260 |a Madrid:  |b Instituto Nacional de Administracin̤ Pb︢lica (INAP),  |c 2019 
300 |a 1 recurso electrn̤ico 
490 0 |a Temes Universitaris Basics 
506 1 |a Disponible solo en los productos indicados  |d vLex Global  |d vLex Global (Academic Edition, excluding Law Schools)  |d vLex Global (U.S. Academic Edition, Law Schools)  |d vLex Global (U.S. Academic Edition, excluding Law Schools)  |d vLex Global (Academic Edition, Law Schools) 
650 0 4 |a Derecho Pb︢lico y Administrativo  |z Espaą 
740 0 |a vLex Libros (Servicio en ln̕ea) 
856 4 0 |u http://vlex.com/source/accion-administrativa-procedimientos-derecho-comparado-30643  |z Acceso restringido 
942 |c BOOK 
999 0 |a Public and Administrative Law